Souvenir de Bruxelles: Hotel de Ville interieur
Salvato in:
| Natura: | Libro |
|---|---|
| Lingua: | francese inglese |
| Pubblicazione: |
Bruselas
E. Desaix
1920
|
| Soggetti: | |
| Tags: |
Aggiungi Tag
Nessun Tag, puoi essere il primo ad aggiungerne!!
|
MARC
| LEADER | 00000nam a2200000 a 4500 | ||
|---|---|---|---|
| 001 | UCG1596 | ||
| 003 | CL-VaPUC | ||
| 008 | 100506e19200000BE |||||||||||||||||fre|d | ||
| 041 | 0 | 7 | |a fre |2 CL-VaPUC |
| 041 | 0 | 7 | |a eng |2 CL-VaPUC |
| 082 | 0 | 4 | |a 778.94493 |b SOU |2 21 |
| 245 | 1 | 0 | |a Souvenir de Bruxelles: Hotel de Ville interieur |
| 300 | |a 12 p | ||
| 942 | |c BK | ||
| 945 | |d 20100506 00:00:00 |a dcastane | ||
| 260 | |a Bruselas |b E. Desaix |c 1920 | ||
| 650 | 0 | |a Fotografía |9 268495 | |
| 650 | 0 | |a Paisajes urbanos |9 545420 | |
| 650 | 0 | |a Arquitectura interior |9 369495 | |
| 651 | 7 | |a BELGICA |2 CL-VaPUC |9 315122 | |
| 651 | 0 | |a Bruselas, Bélgica |9 353417 | |
| 583 | |a last modification |c 20100506 00:00:00 |k Rodrigo Vera | ||
| 999 | |c 340920 |d 340918 | ||
| 952 | |0 0 |1 0 |4 0 |6 778_944930000000000_SOU_1920 |7 0 |8 X |9 436070 |a FDOBUD |b FDOBUD |d 2019-11-22 |i 463506K |o 778.94493 SOU 1920 |p 463506K |r 2019-11-22 |w 2019-11-22 |y BK_X |k BUD | ||